PROSTHODONTICS : EXAM PREPARATORY MANUAL FOR UNDERGRADUATE (Record no. 9810)

MARC details
000 -LEADER
fixed length control field 00327nam a22001337a 4500
082 ## - DEWEY DECIMAL CLASSIFICATION NUMBER
Classification number 617.672 ,P14P
100 ## - MAIN ENTRY--PERSONAL NAME
Personal name PRAKASH ,VIJAY
245 ## - TITLE STATEMENT
Title PROSTHODONTICS : EXAM PREPARATORY MANUAL FOR UNDERGRADUATE
250 ## - EDITION STATEMENT
Edition statement 1ST
260 ## - PUBLICATION, DISTRIBUTION, ETC. (IMPRINT)
Place of publication, distribution, etc NEW DELHI
Name of publisher, distributor, etc ELSEVIER
Year of Publication 2014
300 ## - PAGE DESCRIPTION
No. of Pages 598
650 ## - SUBJECT ADDED ENTRY--TOPICAL TERM
Topical term or geographic name as entry element PROSTHODONTICS
942 ## - ADDED ENTRY ELEMENTS (KOHA)
Source of classification or shelving scheme Dewey Decimal Classification
Koha item type Books
Holdings
Withdrawn status Lost status Source of classification or shelving scheme Damaged status Not for loan Home library Current library Shelving location Date acquired SGTU Total Checkouts Full call number Accession No. (Barcode) Date last seen Date last borrowed Bill Date Koha item type
    Dewey Decimal Classification     SGT Dental Library SGT Dental Library Text Book 17/08/2016 SGTU 4 617.672 ,P14P FD7349 16/01/2026 16/01/2026 17/08/2016 Books